Victor Hugo's Les miserables : (Record no. 21256)

000 -LEADER
fixed length control field 00545cam a2200181 a 4500
020 ## - INTERNATIONAL STANDARD BOOK NUMBER
ISBN 0849916879
040 ## - CATALOGING SOURCE
Transcribing agency DLC
041 1# - LANGUAGE CODE
Language code of original and/or intermediate translations of text fre
082 00 - DEWEY DECIMAL CLASSIFICATION NUMBER
Classification number 843 LES 2001 C275 Or.
100 1# - MAIN ENTRY--AUTHOR NAME
Personal name Hugo, Victor,
245 10 - TITLE STATEMENT
Title Victor Hugo's Les miserables :
Remainder of title the classic story of the Triumph of grace and redemption /
260 ## - PUBLICATION, DISTRIBUTION, ETC. (IMPRINT)
Place of publication Nashville :
Name of publisher Word Pub.,
Year of publication c2001.
300 ## - PHYSICAL DESCRIPTION
Number of Pages vi, 287 p. :
Other physical details ill. ;
Dimensions 24 cm.
650 #0 - SUBJECT ADDED ENTRY--TOPICAL TERM
Topical Term Ex-convicts
650 #0 - SUBJECT ADDED ENTRY--TOPICAL TERM
Topical Term Orphans
856 42 - ELECTRONIC LOCATION AND ACCESS
Uniform Resource Identifier http://www.loc.gov/catdir/enhancements/fy0612/2001026843-d.html
942 ## - ADDED ENTRY ELEMENTS (KOHA)
Koha item type ADB
952 ## - LOCATION AND ITEM INFORMATION (KOHA)
Withdrawn status [LOCAL, KOHA] 0
Holdings
Permanent Location Date acquired Koha item type Lost status Shelving location Barcode Current Location Full call number
Library Block C2023-04-19ADB C275a071494Library Block C843 LES 2001 C275 Or.
មជ្ឈមណ្ឌលឯការនៃសាកលវិទ្យាល័យភូមិន្ទកសិកម្មចំការដូង

Powered by Koha